[Event "EU-ch U12 27th"]
[Site "Mamaia"]
[Date "2017.09.12"]
[Round "7"]
[White "Rata, Andrei"]
[Black "Buca, Dragos Stefan"]
[Result "1-0"]
[WhiteElo "1529"]
[BlackElo "1242"]
[PlyCount "83"]
[EventDate "2017.09.05"]
[EventType "swiss"]
[EventRounds "9"]
[EventCountry "ROU"]
[SourceTitle "CBM 180 Extra"]
[Source "ChessBase"]
[SourceDate "2017.10.06"]
[SourceVersion "1"]
[SourceVersionDate "2017.10.06"]
[SourceQuality "1"]

1. e4 e5 2. Nf3 Nc6 3. Bc4 Bc5 4. c3 Qe7 5. d4 Bb6 6. d5 Nb8 7. 0-0 Nf6 8. Bg5 h6 9. Bxf6 Qxf6 10. Nbd2 d6 11. a4 Nd7 12. a5 Bxa5 13. Rxa5 a6 14. b4 g5 15. h3 h5 16. Nh2 Qh6 17. Ra2 Nf8 18. f3 Ng6 19. Be2 Nf4 20. Nc4 Rb8 21. Nb2 h4 22. Nd3 Nh5 23. Nf2 Ng3 24. Nfg4 Qg6 25. Re1 f5 26. exf5 Bxf5 27. Rd2 0-0 28. Bd3 e4 29. fxe4 Bxe4 30. Bxe4 Nxe4 31. Rd3 Ng3 32. Re6 Qg7 33. Qc2 Rf4 34. Rxg3 hxg3 35. Rg6 gxh2+ 36. Kxh2 Kf8 37. Rxg7 Kxg7 38. g3 Rf7 39. Qd2 Kg6 40. Qd3+ Kg7 41. Qe3 Kg6 42. Qe6+ 1-0

[Event "EU-ch U12 27th"]
[Site "Mamaia"]
[Date "2017.09.07"]
[Round "3"]
[White "Rata, Andrei"]
[Black "Bordei, Rares Gabriel"]
[Result "1-0"]
[WhiteElo "1529"]
[BlackElo "1327"]
[PlyCount "81"]
[EventDate "2017.09.05"]
[EventType "swiss"]
[EventRounds "9"]
[EventCountry "ROU"]
[SourceTitle "CBM 180 Extra"]
[Source "ChessBase"]
[SourceDate "2017.10.06"]
[SourceVersion "1"]
[SourceVersionDate "2017.10.06"]
[SourceQuality "1"]

1. e4 d5 2. exd5 Qxd5 3. Nc3 Qa5 4. d4 c6 5. Nf3 Bg4 6. h3 Bh5 7. g4 Bg6 8. Bd2 Qc7 9. h4 h6 10. h5 Bh7 11. Bc4 Nd7 12. Bb3 e6 13. Qe2 0-0-0 14. 0-0-0 Bd6 15. Be3 Kb8 16. Nd2 Nb6 17. Nc4 Nxc4 18. Qxc4 Bf4 19. Rhg1 Nf6 20. Qe2 Rhe8 21. Qf3 Bxe3+ 22. fxe3 e5 23. g5 e4 24. Qe2 hxg5 25. Rxg5 Rg8 26. Qf2 Qe7 27. Re5 Qc7 28. Qf4 Rd7 29. h6 Qd6 30. Rf1 Ne8 31. Bxf7 g5 32. Rxe8+ Rxe8 33. Qxd6+ Rxd6 34. Bxe8 Rxh6 35. Rg1 Rh3 36. Kd2 Rh2+ 37. Ne2 Bg8 38. b3 Be6 39. Rxg5 Kc7 40. Bg6 Rh4 41. Re5 1-0

[Event "ROM-ch U10"]
[Site "Calimanesti Caciulata"]
[Date "2016.04.23"]
[Round "7"]
[White "Nastore, Pavel Alexandru"]
[Black "Rata, Andrei"]
[Result "1-0"]
[WhiteElo "1519"]
[BlackElo "1320"]
[PlyCount "49"]
[EventDate "2016.04.18"]
[EventType "swiss"]
[EventRounds "9"]
[EventCountry "ROU"]
[SourceTitle "CBM 172 Extra"]
[Source "ChessBase"]
[SourceDate "2016.06.21"]
[SourceVersion "1"]
[SourceVersionDate "2016.06.21"]
[SourceQuality "1"]

1. d4 d5 2. c4 e6 3. Nc3 Nf6 4. cxd5 Nxd5 5. e4 Nxc3 6. bxc3 b6 7. Nf3 Bb7 8. Bd3 Be7 9. 0-0 0-0 10. Bc2 c5 11. Be3 Qc7 12. Rc1 Rd8 13. e5 Ba6 14. Re1 Nc6 15. Be4 Rac8 16. Qc2 g6 17. Ng5 Bc4 18. Rcd1 Rd7 19. Nf3 Bd5 20. Bxd5 exd5 21. Bf4 Rdd8 22. Ng5 h6 23. Nxf7 Re8 24. Qxg6+ Kf8 25. Bxh6# 1-0

[Event "ROM-ch U10"]
[Site "Calimanesti Caciulata"]
[Date "2016.04.20"]
[Round "3"]
[White "Lup, Constantin Ionel"]
[Black "Rata, Andrei"]
[Result "0-1"]
[WhiteElo "1162"]
[BlackElo "1320"]
[PlyCount "90"]
[EventDate "2016.04.18"]
[EventType "swiss"]
[EventRounds "9"]
[EventCountry "ROU"]
[SourceTitle "CBM 172 Extra"]
[Source "ChessBase"]
[SourceDate "2016.06.21"]
[SourceVersion "1"]
[SourceVersionDate "2016.06.21"]
[SourceQuality "1"]

1. e4 c5 2. c4 d6 3. Nc3 Nf6 4. Nf3 Nc6 5. d4 b6 6. d5 Nb8 7. Bd3 Nbd7 8. Be3 g6 9. 0-0 Bg7 10. Qd2 Ng4 11. a3 Nxe3 12. fxe3 0-0 13. Rab1 Ba6 14. Rf2 h6 15. Rc1 Kh7 16. b4 cxb4 17. axb4 Bf6 18. c5 Bxd3 19. c6 Bxc3 20. Qxc3 Bxe4 21. cxd7 Qxd7 22. Rcf1 Bxd5 23. Nd2 Be6 24. Nf3 Rac8 25. Qb2 Bc4 26. Rc1 Bd5 27. Rcf1 Bxf3 28. Rxf3 f5 29. e4 e6 30. Qa2 Rf7 31. h3 Rcf8 32. exf5 Rxf5 33. Qc2 Rxf3 34. Rxf3 Rxf3 35. gxf3 Kg7 36. Kf2 e5 37. Ke3 d5 38. Qb2 d4+ 39. Ke4 Qf5+ 40. Kd5 e4+ 41. Kc4 b5+ 42. Kb3 Qxf3+ 43. Kc2 Qe2+ 44. Kc1 Qxb2+ 45. Kxb2 e3 0-1

[Event "ROM-ch U10"]
[Site "Calimanesti"]
[Date "2015.04.05"]
[Round "8"]
[White "Antal, Hunor Zoltan"]
[Black "Rata, Andrei"]
[Result "1-0"]
[WhiteElo "1580"]
[BlackElo "1355"]
[PlyCount "81"]
[EventDate "2015.03.30"]
[EventType "swiss"]
[EventRounds "9"]
[EventCountry "ROU"]
[SourceTitle "CBM 165 Extra"]
[Source "ChessBase"]
[SourceDate "2015.04.21"]
[SourceVersion "1"]
[SourceVersionDate "2015.04.21"]
[SourceQuality "1"]

1. e4 c5 2. Nf3 d6 3. Bc4 Nf6 4. e5 dxe5 5. Nxe5 e6 6. Qe2 Bd6 7. f4 Nbd7 8. Nxf7 Qe7 9. Nxh8 Nb6 10. Bb5+ Bd7 11. Bxd7+ Nbxd7 12. 0-0 0-0-0 13. Nc3 a6 14. Re1 e5 15. d3 Rxh8 16. Bd2 Re8 17. fxe5 Qxe5 18. Qxe5 Rxe5 19. Rxe5 Bxe5 20. h3 Bd4+ 21. Kf1 h6 22. Ke2 Ne5 23. Be3 Bxe3 24. Kxe3 g5 25. Ne4 Nd5+ 26. Kf2 b6 27. Re1 Kc7 28. Nxg5 Nxd3+ 29. cxd3 hxg5 30. Re5 Nb4 31. Rxg5 Nxd3+ 32. Ke3 Nxb2 33. h4 Nc4+ 34. Kd3 Nd6 35. h5 c4+ 36. Kc2 Kd7 37. Rd5 Ke7 38. Rxd6 Kxd6 39. h6 Kc5 40. h7 Kb4 41. h8Q 1-0

[Event "ROM-ch U10"]
[Site "Calimanesti"]
[Date "2015.04.01"]
[Round "3"]
[White "Rata, Andrei"]
[Black "Dorobantu, Fanurie Florin"]
[Result "1-0"]
[WhiteElo "1355"]
[BlackElo "1163"]
[PlyCount "105"]
[EventDate "2015.03.30"]
[EventType "swiss"]
[EventRounds "9"]
[EventCountry "ROU"]
[SourceTitle "CBM 165 Extra"]
[Source "ChessBase"]
[SourceDate "2015.04.21"]
[SourceVersion "1"]
[SourceVersionDate "2015.04.21"]
[SourceQuality "1"]

1. e4 e5 2. Nf3 Nc6 3. Bc4 Nf6 4. Ng5 d5 5. exd5 Nxd5 6. Nxf7 Kxf7 7. Qf3+ Ke8 8. Qxd5 Qxd5 9. Bxd5 Bd6 10. Nc3 Bf5 11. d3 Rb8 12. 0-0 Nd4 13. Bb3 Rf8 14. Be3 Nxb3 15. axb3 a6 16. Rfe1 Rd8 17. Bf4 g6 18. Bh6 Rf7 19. Bf4 Kf8 20. Bxe5 Bxe5 21. Rxe5 Re7 22. Rxe7 Kxe7 23. Re1+ Kf7 24. Ne4 Bxe4 25. Rxe4 Re8 26. Rxe8 Kxe8 27. Kf1 Ke7 28. Ke2 Ke6 29. Kf3 Kf5 30. h4 h5 31. Kg3 Kf6 32. Kf4 c6 33. f3 Kg7 34. g4 hxg4 35. fxg4 Kf6 36. d4 b5 37. c4 b4 38. Ke4 Ke6 39. d5+ cxd5+ 40. cxd5+ Kd6 41. h5 gxh5 42. gxh5 Ke7 43. h6 Kf7 44. h7 Kg7 45. d6 Kxh7 46. d7 a5 47. d8Q a4 48. bxa4 b3 49. Qf6 Kg8 50. Qe7 Kh8 51. Kf5 Kg8 52. Kg6 Kh8 53. Qh7# 1-0